| 000 | 00000nes 2200000za 4500 |
| 001 | 9.511438 |
| 003 | CaOODSP |
| 005 | 20251128094503 |
| 006 | s|| m f0 | |
| 007 | aj |a||| |
| 008 | 150406c2007||||xxc|||| b##f | eng|d |
| 040 | |aCaOODSP|beng |
| 041 | |aeng |
| 041 | |afre |
| 043 | |an-cn--- |
| 086 | 1 |aM48 |
| 110 | 2 |aGeological Survey of Canada. |
| 245 | 10|a"A" series map |h[cartographic material] |
| 260 | |aOttawa - Ontario : |bNatural Resources Canada. |c2007--. |
| 310 | |aIrregular |
| 362 | 1 |a900A-- |
| 775 | 08|tCarte série "A" |w(CaOODSP)9.513396 |
| 775 | 08|t"A" series map |w(CaOODSP)9.515061 |
| 792 | |tCarte série "A" |efre|w(CaOODSP)9.511439 |